Technológie VOIP a ich aplikácia

Saved in:
Bibliographic Details
Main Author: Kotvas, Radovan (Author)
Other Authors: Talanda, Miroslav, 1944- (Thesis advisor)
Format: Manuscript Book
Language:Slovak
Published: Bratislava : STU v Bratislave FEI, 2009
Subjects:
Tags: Add Tag
No Tags, Be the first to tag this record!

MARC

LEADER 00000ntm a22000003a 4500
001 stu194554
005 20160719165109.6
008 091028s2007------------------------slo-d
040 |a STU  |b slo 
041 0 |a slo 
100 1 |a Kotvas, Radovan  |4 aut 
245 1 |a Technológie VOIP a ich aplikácia 
260 |a Bratislava :  |b STU v Bratislave FEI,  |c 2009 
300 |a 76 s  |c obr. 
650 7 |a Telekomunikácie  |2 stusub 
650 7 |a VoIP technológie  |2 stusub 
700 1 |a Talanda, Miroslav,  |d 1944-  |4 ths  |u E070  |U FEI Fakulta elektrotechniky a informatiky  |T FEI Ústav telekomunikácií  |X 1979  |U E070  |Y 818  |7 A000001979